| 000 | 01445cam a2200409Ia 4500 | ||
|---|---|---|---|
| 001 | sjds1122930 | ||
| 003 | sjds | ||
| 005 | 20170625170221.0 | ||
| 008 | 070418s2005 sp a b 000 1 spa d | ||
| 020 | _a8488342764 (hard) | ||
| 020 | _a9788488342768 (hard) | ||
| 035 | _a330954 | ||
| 035 | _a(OCoLC)123226437 | ||
| 035 | _a330954 | ||
| 040 |
_aIFA _cIFA _dUtOrBLW |
||
| 041 | 1 |
_aspa _heng |
|
| 049 | _aIFAA | ||
| 099 | _aESPANOL PICTURE BOOKS WADDELL | ||
| 999 |
_c17727 _d17727 |
||
| 999 | _bESPANOL PICTURE BOOKS WADDELL | ||
| 100 | 1 |
_aWaddell, Martin, _eauthor. |
|
| 240 | 1 | 0 |
_aSleep tight, Little Bear! _lSpanish |
| 245 | 1 | 0 |
_aDuerme bien, osito / _c[Martin Waddell ; ilustraciones, Barbara Firth ; traducido por Esther Rubio]. |
| 260 |
_a[Barcelona] : _bKókinos, _c2005. |
||
| 264 | 1 |
_a[Barcelona] : _bKókinos, _c2005. |
|
| 300 |
_a1 volume (unpaged) : _bcolor illustrations ; _c27 cm |
||
| 336 |
_atext _btxt _2rdacontent |
||
| 337 |
_aunmediated _bn _2rdamedia |
||
| 338 |
_avolume _bnc _2rdacarrier |
||
| 520 | _aLittle Bear finds a cave that is just the right size for him, but at bedtime he starts thinking about Big Bear, all alone in their big Bear Cave. | ||
| 650 | 0 |
_aBears _vJuvenile fiction. |
|
| 650 | 0 |
_aSelf-reliance _vJuvenile fiction. |
|
| 650 | 7 |
_aOsos _vNovela juvenil. _2bidex |
|
| 650 | 7 |
_aConfianza en sí mismo _vNovela juvenil. _2bidex |
|
| 700 | 1 |
_aFirth, Barbara, _eillustrator. |
|
| 700 | 1 | _aRubio, Esther. | |
| 942 | _cBK | ||